[Event "Klubbmesterskap 1997 (finale)"]
[Site "Ski, Akershus NOR"]
[Date "1997.04.22"]
[Round "1"]
[White "Skår, Bjarte"]
[Black "Bekkelien, Glenn Lewi"]
[Result "1-0"]
[WhiteElo "1698"]
[BlackElo "1537"]
[PlyCount "39"]
[EventDate "1997.04.22"]

1. e4 c5 2. Nf3 d6 3. d4 cxd4 4. Nxd4 Nf6 5. Nc3 g6 6. Bc4 Bg7 7. Be3 Nc6 8.
Bb3 O-O 9. f3 Bd7 10. Qd2 Rc8 11. O-O-O Ne5 12. g4 Nc4 13. Bxc4 Rxc4 14. h4 Qa5
15. Kb1 Rfc8 16. h5 Rxc3 17. bxc3 Rxc3 18. Nb3 Qa3 19. Qxc3 Ne8 20. Bd4 1-0

[Event "Klubbmesterskap 1997 (finale)"]
[Site "Ski, Akershus NOR"]
[Date "1997.04.22"]
[Round "1"]
[White "Lindgard, Gaute"]
[Black "Ådnøy, Hallvard Voll"]
[Result "0-1"]
[WhiteElo "1842"]
[BlackElo "1915"]
[PlyCount "56"]
[EventDate "1997.04.22"]

1. Nf3 d5 2. d4 Nf6 3. c4 c6 4. Nc3 e6 5. Bg5 h6 6. Bh4 dxc4 7. e3 b5 8. Nd2
Bb7 9. Nce4 Nbd7 10. Be2 Be7 11. Bf3 O-O 12. Bg3 Qb6 13. O-O a6 14. Bd6 Bxd6
15. Nxd6 e5 16. a4 Qc7 17. Nxb7 Qxb7 18. axb5 axb5 19. Rxa8 Rxa8 20. Ne4 Nxe4
21. Bxe4 Nf6 22. Qf3 Nxe4 23. Qxe4 exd4 24. Qxd4 Qe7 25. Rd1 Qf6 26. Qd2 Ra2
27. Rb1 Qf5 28. Qe1 Qc2 0-1

[Event "Klubbmesterskap 1997 (finale)"]
[Site "Ski, Akershus NOR"]
[Date "1997.04.28"]
[Round "1"]
[White "Lea, Per"]
[Black "Sondresen, Per"]
[Result "0-1"]
[WhiteElo "1704"]
[BlackElo "1766"]
[PlyCount "106"]
[EventDate "1997.04.22"]

1. e4 e6 2. d4 d5 3. Nc3 dxe4 4. Nxe4 Qd5 5. Nc3 Bb4 6. Nge2 Nf6 7. a3 Bxc3+ 8.
Nxc3 Qd7 9. Be2 Nc6 10. Be3 O-O 11. Qd2 Rd8 12. O-O-O a6 13. g4 b5 14. Bf3 Rb8
15. d5 Qe7 16. Qe2 Na5 17. Ba7 Rb7 18. d6 cxd6 19. Bxb7 Qxb7 20. Bc5 Qc7 21. g5
Ne8 22. Bd4 Bb7 23. Rhe1 Rc8 24. f4 Bc6 25. Qf2 Qb7 26. Na2 Be4 27. Nb4 Nb3+
28. Kb1 a5 29. Nd3 Nxd4 30. Qxd4 Bf5 31. Rd2 Rc4 32. Qe3 b4 33. axb4 axb4 34.
Nc1 Qc7 35. Ree2 g6 36. Nb3 d5 37. Nd4 Be4 38. h4 Nd6 39. Nb3 Nf5 40. Qf2 Rc6
41. Qh2 Ng7 42. Rd4 Rc4 43. Rxc4 Qxc4 44. Rd2 Qxb3 45. Qe2 Qa4 46. Rd4 Nf5 47.
Rxe4 dxe4 48. Qxe4 Nd6 49. Qd4 Ne8 50. c3 Qb3 51. c4 Qa4 52. c5 Qb5 53. Qd8 b3
0-1

[Event "Klubbmesterskap 1997 (finale)"]
[Site "Ski, Akershus NOR"]
[Date "1997.04.29"]
[Round "2"]
[White "Bekkelien, Glenn Lewi"]
[Black "Sondresen, Per"]
[Result "0-1"]
[WhiteElo "1537"]
[BlackElo "1766"]
[PlyCount "54"]
[EventDate "1997.04.22"]

1. c4 c5 2. Nc3 e6 3. Nf3 d5 4. cxd5 exd5 5. d4 Nf6 6. e3 Nc6 7. Bd3 c4 8. Bc2
Bd6 9. O-O Bg4 10. b3 Bb4 11. Bb2 Qa5 12. Na4 c3 13. Bc1 b5 14. a3 Bd6 15. b4
Nxb4 16. Nxc3 Nxc2 17. Qxc2 Rc8 18. Bb2 Ne4 19. Rfc1 Qd8 20. Qe2 Nxc3 21. Rxc3
Rxc3 22. Qxb5+ Bd7 23. Qxd5 Bc6 24. Qh5 Bxf3 25. Qxf3 Rc7 26. d5 O-O 27. e4 f6
0-1

[Event "Klubbmesterskap 1997 (finale)"]
[Site "Ås, Akershus NOR"]
[Date "1997.04.29"]
[Round "2"]
[White "Ådnøy, Hallvard Voll"]
[Black "Lea, Per"]
[Result "1/2-1/2"]
[WhiteElo "1915"]
[BlackElo "1704"]
[PlyCount "109"]
[EventDate "1997.04.22"]

1. d4 d5 2. Nf3 Nf6 3. c4 e6 4. Nc3 c6 5. e3 Be7 6. Bd3 dxc4 7. Bxc4 Nbd7 8.
O-O O-O 9. e4 Qc7 10. Be3 e5 11. d5 cxd5 12. Bxd5 Ng4 13. Bd2 a6 14. Rc1 Qd6
15. h3 Ngf6 16. Qe2 Nb6 17. Rfd1 Nfxd5 18. exd5 Nxd5 19. Nxd5 Qxd5 20. Rc7 e4
21. Rxe7 exf3 22. Qxf3 Qxf3 23. gxf3 Bxh3 24. Rxb7 Be6 25. Bb4 Rfd8 26. Rxd8+
Rxd8 27. a3 Bd5 28. Rb6 Ra8 29. Kg2 h6 30. Kg3 a5 31. Bc3 a4 32. Rd6 Bb3 33.
Kf4 Rc8 34. Ke3 Re8+ 35. Kf4 Re6 36. Rxe6 Bxe6 37. Ke5 Bb3 38. f4 f6+ 39. Kf5
Kf7 40. Kg4 Bd1+ 41. Kh4 Kg6 42. Bb4 Kf5 43. Bf8 g5+ 44. fxg5 fxg5+ 45. Kg3 h5
46. f3 h4+ 47. Kf2 g4 48. fxg4+ Bxg4 49. Kg2 Ke4 50. Bg7 Ke3 51. Kh2 Kf2 52.
Bd4+ Kf3 53. Bf6 h3 54. Bh4 Ke3 55. Bg5+ 1/2-1/2

[Event "Klubbmesterskap 1997 (finale)"]
[Site "Ski, Akershus NOR"]
[Date "1997.04.29"]
[Round "2"]
[White "Skår, Bjarte"]
[Black "Lindgard, Gaute"]
[Result "1/2-1/2"]
[WhiteElo "1698"]
[BlackElo "1842"]
[PlyCount "67"]
[EventDate "1997.04.22"]

1. e4 c5 2. Nf3 e6 3. d4 cxd4 4. Nxd4 Nf6 5. Nc3 Nc6 6. Ndb5 d6 7. Bf4 e5 8.
Be3 a6 9. Na3 b5 10. Nd5 Rb8 11. c4 b4 12. Nxf6+ gxf6 13. Nc2 f5 14. Bd3 f4 15.
Bd2 Qg5 16. g3 Bg4 17. f3 Bh3 18. Qe2 Bg7 19. b3 Qf6 20. O-O-O a5 21. Kb1 h5
22. Bc1 a4 23. Bb2 axb3 24. axb3 Bh6 25. Rhg1 Rg8 26. gxf4 Rxg1 27. Rxg1 Qxf4
28. Qf2 Kd7 29. c5 Qd2 30. Qxd2 Bxd2 31. Bc4 Be6 32. Rd1 Bxc4 33. Rxd2 Bxb3 34.
Rxd6+ 1/2-1/2

[Event "Klubbmesterskap 1997 (finale)"]
[Site "Ski, Akershus NOR"]
[Date "1997.05.06"]
[Round "3"]
[White "Lindgard, Gaute"]
[Black "Bekkelien, Glenn Lewi"]
[Result "1-0"]
[WhiteElo "1842"]
[BlackElo "1537"]
[PlyCount "25"]
[EventDate "1997.04.22"]

1. Nf3 f5 2. e4 fxe4 3. Ng5 Nf6 4. d3 exd3 5. Bxd3 e5 6. Nxh7 d5 7. Bg6+ Ke7 8.
Bg5 Be6 9. Qf3 Nbd7 10. Nc3 c6 11. O-O Qc7 12. Rad1 Kd8 13. Nxf6 1-0

[Event "Klubbmesterskap 1997 (finale)"]
[Site "Ås, Akershus NOR"]
[Date "1997.05.06"]
[Round "3"]
[White "Lea, Per"]
[Black "Skår, Bjarte"]
[Result "1-0"]
[WhiteElo "1704"]
[BlackElo "1698"]
[PlyCount "49"]
[EventDate "1997.04.22"]

1. e4 c5 2. Nf3 d6 3. d4 cxd4 4. Nxd4 Nf6 5. Nc3 a6 6. Bg5 e6 7. f4 Be7 8. Qf3
Qc7 9. O-O-O b5 10. a3 Bb7 11. Bd3 Nbd7 12. Rhe1 Nc5 13. Bxf6 Bxf6 14. Bxb5+
axb5 15. Ndxb5 Qb8 16. Nxd6+ Kf8 17. Qh5 Qc7 18. Ncb5 Bxb2+ 19. Kb1 g6 20. Nxc7
gxh5 21. Nxa8 Bxa8 22. Kxb2 Ke7 23. g3 Rb8+ 24. Kc1 Rb6 25. Nc8+ 1-0

[Event "Klubbmesterskap 1997 (finale)"]
[Site "Ski, Akershus NOR"]
[Date "1997.05.06"]
[Round "3"]
[White "Sondresen, Per"]
[Black "Ådnøy, Hallvard Voll"]
[Result "0-1"]
[WhiteElo "1766"]
[BlackElo "1915"]
[PlyCount "50"]
[EventDate "1997.04.22"]

1. d4 d5 2. Nf3 Nf6 3. c4 c6 4. Nc3 e6 5. Ne5 Nbd7 6. f4 Bb4 7. cxd5 Nxe5 8.
fxe5 Ne4 9. Qd3 exd5 10. Bd2 Bf5 11. Nxe4 Bxe4 12. Qg3 Bxd2+ 13. Kxd2 O-O 14.
Qc3 c5 15. dxc5 d4 16. Qa3 Qg5+ 17. Kd1 d3 18. exd3 Rad8 19. Kc2 Bxd3+ 20. Bxd3
Qxg2+ 21. Kc3 Rxd3+ 22. Kxd3 Rd8+ 23. Kc4 Qe2+ 24. Kc3 Qd3+ 25. Kb4 Rd4+ 0-1

[Event "Klubbmesterskap 1997 (finale)"]
[Site "Ski, Akershus NOR"]
[Date "1997.05.13"]
[Round "4"]
[White "Bekkelien, Glenn Lewi"]
[Black "Ådnøy, Hallvard Voll"]
[Result "0-1"]
[WhiteElo "1537"]
[BlackElo "1915"]
[PlyCount "48"]
[EventDate "1997.04.22"]

1. c4 e6 2. Nc3 d5 3. e3 Nf6 4. d4 c6 5. Nf3 Nbd7 6. Bd2 Bd6 7. Rc1 O-O 8. Bd3
Qe7 9. O-O dxc4 10. Bxc4 e5 11. Qc2 e4 12. Ng5 Bxh2+ 13. Kh1 Bc7 14. g3 Nb6 15.
Be2 Bf5 16. Bf3 Rae8 17. Bg2 h6 18. Nh3 Qe6 19. Ng1 Bg4 20. Nge2 Qf5 21. Kg1
Qh5 22. Rfe1 Bf3 23. Bxf3 exf3 24. Nf4 Bxf4 0-1

[Event "Klubbmesterskap 1997 (finale)"]
[Site "Ski, Akershus NOR"]
[Date "1997.05.13"]
[Round "4"]
[White "Skår, Bjarte"]
[Black "Sondresen, Per"]
[Result "0-1"]
[WhiteElo "1698"]
[BlackElo "1766"]
[PlyCount "112"]
[EventDate "1997.04.22"]

1. e4 c6 2. d4 d5 3. exd5 cxd5 4. Bd3 Nc6 5. c3 Nf6 6. Nd2 e6 7. Ngf3 Bd6 8.
O-O O-O 9. Qe2 Qc7 10. Re1 Bf4 11. Ne5 g6 12. Ndf3 Bxc1 13. Raxc1 Nd7 14. Qd2
Ndxe5 15. dxe5 Kg7 16. Qg5 Qe7 17. Qg3 Bd7 18. Re3 Rac8 19. Rce1 a6 20. h4 h5
21. Ng5 Be8 22. Nh3 Rh8 23. Rf3 Nb8 24. Rfe3 Nd7 25. f4 Nc5 26. f5 exf5 27.
Bxf5 Rc6 28. Nf4 Kh6 29. Nxd5 Qd8 30. Nf6 Rxf6 31. exf6 Qxf6 32. Bc2 Ne6 33.
Bb3 Ng7 34. Re7 Rf8 35. Rxb7 Kh7 36. Rb8 Kg8 37. Qg5 Qd6 38. Qe5 Qc6 39. Qe4
Qd7 40. Rb7 Qc8 41. Re7 Kh7 42. Qe5 Qd8 43. Qf6 Nf5 44. Rxf7+ Bxf7 45. Qxd8
Rxd8 46. Bxf7 Rd2 47. Re6 Nxh4 48. g3 Rg2+ 49. Kf1 Rxg3 50. Rxa6 Rf3+ 51. Kg1
Rxf7 52. Rd6 g5 53. a4 g4 54. Rd3 Nf3+ 55. Kh1 Re7 56. a5 Re2 0-1

[Event "Klubbmesterskap 1997 (finale)"]
[Site "Ås, Akershus NOR"]
[Date "1997.05.13"]
[Round "4"]
[White "Lindgard, Gaute"]
[Black "Lea, Per"]
[Result "1-0"]
[WhiteElo "1842"]
[BlackElo "1704"]
[PlyCount "41"]
[EventDate "1997.04.22"]

1. c4 c5 2. Nf3 Nf6 3. d4 cxd4 4. Nxd4 d5 5. cxd5 Nxd5 6. e4 Nf6 7. Nc3 e5 8.
Bb5+ Bd7 9. Nc2 Bc5 10. Bg5 Qb6 11. Bxd7+ Nbxd7 12. O-O Be7 13. Rb1 Rd8 14. Qe2
O-O 15. Ne3 Rfe8 16. Ncd5 Nxd5 17. Nxd5 Qd6 18. Nxe7+ Rxe7 19. Rfd1 Qe6 20.
Bxe7 Qxe7 21. Qd3 1-0

[Event "Klubbmesterskap 1997 (finale)"]
[Site "Ås, Akershus NOR"]
[Date "1997.05.20"]
[Round "5"]
[White "Lea, Per"]
[Black "Bekkelien, Glenn Lewi"]
[Result "1-0"]
[WhiteElo "1704"]
[BlackElo "1537"]
[PlyCount "61"]
[EventDate "1997.04.22"]

1. e4 c5 2. Nf3 d6 3. d4 cxd4 4. Nxd4 Nf6 5. Nc3 g6 6. f4 Nc6 7. Nxc6 bxc6 8.
e5 Nd7 9. exd6 exd6 10. Be3 Nf6 11. Qd2 Bf5 12. O-O-O Be7 13. Bd3 Qd7 14. h3
O-O 15. g4 Bxd3 16. Qxd3 Rfe8 17. Rhg1 Rab8 18. f5 Qb7 19. b3 d5 20. h4 Ne4 21.
fxg6 hxg6 22. g5 Bf8 23. h5 Qb4 24. Bd4 Nxc3 25. Bxc3 Qf4+ 26. Bd2 Qe5 27. Bc3
Qf4+ 28. Kb1 Qe4 29. hxg6 Qxg6 30. Rh1 Qxd3 31. Rh8# 1-0

[Event "Klubbmesterskap 1997 (finale)"]
[Site "Ski, Akershus NOR"]
[Date "1997.05.20"]
[Round "5"]
[White "Sondresen, Per"]
[Black "Lindgard, Gaute"]
[Result "1/2-1/2"]
[WhiteElo "1766"]
[BlackElo "1842"]
[PlyCount "95"]
[EventDate "1997.04.22"]

1. d4 Nf6 2. Nf3 g6 3. c4 Bg7 4. Nc3 O-O 5. h3 d6 6. Bf4 Nbd7 7. e3 Re8 8. Be2
e6 9. O-O Qe7 10. Bh2 b6 11. Rc1 Bb7 12. Qc2 e5 13. d5 e4 14. Nd2 a5 15. Nb5
Nc5 16. Nb3 Na6 17. a3 Nd7 18. N3d4 Ndc5 19. b3 Be5 20. Rb1 h5 21. Kh1 Bxh2 22.
Kxh2 Nb8 23. Rg1 Bc8 24. b4 axb4 25. axb4 Nb7 26. Ra1 Na6 27. Nc6 Qf6 28. Rxa6
Rxa6 29. Nxc7 Qxf2 30. Nxe8 Qxe3 31. Nf6+ Kg7 32. Qxe4 Ra3 33. Ne8+ Kf8 34.
Qxe3 Rxe3 35. Nxd6 Nxd6 36. c5 bxc5 37. bxc5 Rxe2 38. cxd6 Rd2 39. Ne7 Bb7 40.
Rb1 Bxd5 41. Rb8+ Kg7 42. Rg8+ Kf6 43. d7 Be6 44. Nxg6 Bxd7 45. Nf4 h4 46. Kg1
Ke5 47. Nh5 Bc6 48. Kf1 1/2-1/2

[Event "Klubbmesterskap 1997 (finale)"]
[Site "Ski, Akershus NOR"]
[Date "1997.05.20"]
[Round "5"]
[White "Ådnøy, Hallvard Voll"]
[Black "Skår, Bjarte"]
[Result "1-0"]
[WhiteElo "1915"]
[BlackElo "1698"]
[PlyCount "57"]
[EventDate "1997.04.22"]

1. e4 c5 2. Nf3 d6 3. d4 cxd4 4. Nxd4 Nf6 5. Nc3 a6 6. f4 e6 7. Be2 Be7 8. O-O
Nc6 9. Be3 O-O 10. a4 Qc7 11. Kh1 b6 12. Bf3 Bb7 13. g4 Nd7 14. Nde2 Rfe8 15.
Bg2 Bf8 16. Qe1 g6 17. Rd1 Rad8 18. Qh4 Bg7 19. g5 Nb4 20. Rd2 Nf8 21. Qf2 Nd7
22. Bd4 Nc6 23. Bxg7 Kxg7 24. f5 gxf5 25. Qh4 Nce5 26. Ng3 f4 27. Rxf4 Nf8 28.
Qh6+ Kh8 29. Qf6+ 1-0

[Event "Høstturnering 1996 (avdeling Ås)"]
[Site "Ås, Akershus NOR"]
[Date "1996.09.24"]
[Round "1"]
[White "Olsen, Trygve"]
[Black "Lea, Per"]
[Result "0-1"]
[WhiteElo "1224"]
[BlackElo "1706"]
[PlyCount "56"]
[EventDate "1996.09.24"]

1. d4 d5 2. Nf3 Nf6 3. c4 e6 4. Nbd2 c5 5. e3 Nc6 6. Nb3 cxd4 7. exd4 Be7 8.
Be2 O-O 9. O-O b6 10. a4 Bb7 11. Bd2 dxc4 12. Bxc4 Rc8 13. Qe2 Qc7 14. Rac1 Bd6
15. g3 Rfd8 16. Ng5 Qe7 17. Rfe1 Rc7 18. Qd3 Nb4 19. Bxb4 Bxb4 20. Re2 Bd5 21.
Bxd5 Rxc1+ 22. Nxc1 Rxd5 23. Re5 Qc7 24. Ne2 Qxe5 25. dxe5 Rxd3 26. exf6 gxf6
27. Ne4 Be7 28. Kg2 Rb3 0-1

[Event "Høstturnering 1996 (avdeling Ås)"]
[Site "Ås, Akershus NOR"]
[Date "1996.10.08"]
[Round "2"]
[White "Lea, Per"]
[Black "Weberg, Øivind"]
[Result "1/2-1/2"]
[WhiteElo "1706"]
[BlackElo "1646"]
[PlyCount "57"]
[EventDate "1996.09.24"]

1. e4 e5 2. Nf3 Nc6 3. Bc4 Nf6 4. Ng5 d5 5. exd5 Na5 6. Bb5+ c6 7. dxc6 bxc6 8.
Be2 h6 9. Nf3 e4 10. Ne5 Qd4 11. f4 Bc5 12. Rf1 Qd8 13. c3 Nd5 14. d4 Qh4+ 15.
g3 Qxh2 16. dxc5 Qxg3+ 17. Kd2 Ne3 18. Qe1 Nxf1+ 19. Qxf1 Bf5 20. Kc2 O-O 21.
Bd2 e3+ 22. Bd3 Bxd3+ 23. Qxd3 Qxf4 24. Qxe3 Qf5+ 25. Nd3 Rad8 26. Na3 Rfe8 27.
Qg3 Re6 28. b4 Rg6 29. Qe3 1/2-1/2

[Event "Høstturnering 1996 (avdeling Ås)"]
[Site "Ås, Akershus NOR"]
[Date "1996.10.15"]
[Round "3"]
[White "Sterk, Michel"]
[Black "Lea, Per"]
[Result "0-1"]
[WhiteElo "1355"]
[BlackElo "1706"]
[PlyCount "38"]
[EventDate "1996.09.24"]

1. f4 d5 2. Nf3 Nf6 3. b3 e6 4. Bb2 c5 5. e3 Be7 6. Bb5+ Bd7 7. Bxd7+ Nbxd7 8.
O-O O-O 9. d3 b5 10. Nbd2 Qb6 11. c4 Rfd8 12. Qe2 a5 13. Rfc1 a4 14. h3 d4 15.
exd4 a3 16. Bxa3 Rxa3 17. dxc5 Bxc5+ 18. Kh1 Rda8 19. Nb1 Rxb3 0-1

[Event "Høstturnering 1996 (avdeling Ås)"]
[Site "Ås, Akershus NOR"]
[Date "1996.10.29"]
[Round "4"]
[White "Johansen, Anders Sten"]
[Black "Lea, Per"]
[Result "1-0"]
[WhiteElo "1594"]
[BlackElo "1706"]
[PlyCount "95"]
[EventDate "1996.09.24"]

1. e4 e5 2. Nf3 Nc6 3. Bb5 a6 4. Ba4 Nf6 5. O-O Be7 6. Re1 b5 7. Bb3 O-O 8. c3
d6 9. h3 Na5 10. Bc2 c5 11. d4 Qc7 12. Nbd2 Nc6 13. d5 Na5 14. Nf1 Re8 15. Ne3
g6 16. a4 Bd7 17. axb5 axb5 18. Nh2 Bf8 19. Neg4 Bg7 20. Nxf6+ Bxf6 21. Ng4
Bxg4 22. Qxg4 h5 23. Qf3 Bg7 24. g4 hxg4 25. hxg4 Nc4 26. Rb1 Nb6 27. Kg2 Nd7
28. Rh1 Nf6 29. Bg5 Nh7 30. Rxh7 Kxh7 31. Rh1+ Kg8 32. Qh3 f6 33. Qh7+ Kf7 34.
Bxf6 Kxf6 35. Rh3 Rh8 36. g5+ Kf7 37. Rf3+ Ke8 38. Qxg6+ Kd8 39. Rf7 Qb6 40.
Qxg7 Re8 41. Bd1 Kc8 42. Bg4+ Kb8 43. Bd7 Rd8 44. Qf6 Ra7 45. Be6 Rxf7 46. Bxf7
Rf8 47. g6 Qd8 48. Qxd8+ 1-0

[Event "Høstturnering 1996 (avdeling Ås)"]
[Site "Ås, Akershus NOR"]
[Date "1996.11.05"]
[Round "5"]
[White "Lea, Per"]
[Black "Wang, Yung-Ling"]
[Result "1-0"]
[WhiteElo "1706"]
[BlackElo "686"]
[PlyCount "75"]
[EventDate "1996.09.24"]

1. e4 e5 2. Nf3 Nc6 3. Bc4 Bc5 4. c3 Nf6 5. d4 exd4 6. cxd4 Bb4+ 7. Nc3 d5 8.
exd5 Nxd5 9. O-O Nxc3 10. Qe1+ Qe7 11. bxc3 Qxe1 12. Rxe1+ Be7 13. Ba3 Kd8 14.
Bxe7+ Nxe7 15. Ne5 Rf8 16. Nxf7+ Ke8 17. Ne5 Rf6 18. Re2 Be6 19. Rae1 Bxc4 20.
Nxc4 Rf7 21. Ne5 Rf6 22. Ng6 Rxg6 23. Rxe7+ Kf8 24. Rxc7 b6 25. Ree7 a5 26. f4
Rc8 27. Rxg7 Rxg7 28. Rxc8+ Kf7 29. Rc7+ Kf6 30. Rxg7 Kxg7 31. f5 Kf6 32. g4 b5
33. Kf2 h5 34. h3 hxg4 35. hxg4 Ke7 36. g5 Kf7 37. g6+ Kf6 38. d5 1-0

[Event "Høstturnering 1996 (avdeling Ås)"]
[Site "Ås, Akershus NOR"]
[Date "1996.11.26"]
[Round "7"]
[White "Brennvall, Jon Eirik"]
[Black "Lea, Per"]
[Result "0-1"]
[WhiteElo "1530"]
[BlackElo "1706"]
[PlyCount "98"]
[EventDate "1996.09.24"]

1. e4 e5 2. Nf3 Nc6 3. Nc3 Nf6 4. Bc4 Bc5 5. h3 d6 6. Ng5 O-O 7. d3 h6 8. Nf3
Be6 9. Bxe6 fxe6 10. Na4 Nd7 11. Nxc5 Nxc5 12. Be3 Nd7 13. d4 exd4 14. Nxd4
Nxd4 15. Qxd4 Qf6 16. Qxf6 Nxf6 17. f3 e5 18. O-O-O Nh5 19. Rhf1 Nf4 20. Rf2 a6
21. c4 Rf6 22. Kc2 Raf8 23. b4 Rg6 24. Rdd2 Rff6 25. Kb3 Rg3 26. b5 axb5 27.
cxb5 Rfg6 28. Bxf4 exf4 29. Rc2 c5 30. bxc6 bxc6 31. Rxc6 Rxg2 32. Rxg2 Rxg2
33. Rxd6 Rg3 34. Rd3 Rxh3 35. a4 g5 36. a5 Rh1 37. Ka4 Ra1+ 38. Ra3 Rb1 39. a6
Rb8 40. a7 Ra8 41. Kb5 h5 42. Kb6 g4 43. Kb7 Rxa7+ 44. Kxa7 g3 45. Ra5 h4 46.
Rh5 h3 47. Rxh3 g2 48. Rh4 g1=Q+ 49. Kb7 Qg7+ 0-1

[Event "Høstturnering 1996 (avdeling Ås)"]
[Site "Ås, Akershus NOR"]
[Date "1996.12.03"]
[Round "8"]
[White "Lea, Per"]
[Black "Nord, Knut"]
[Result "1-0"]
[WhiteElo "1706"]
[BlackElo "1296"]
[PlyCount "53"]
[EventDate "1996.09.24"]

1. e4 c5 2. Nf3 d6 3. d4 Nd7 4. dxc5 Nxc5 5. Bc4 Be6 6. Bxe6 Nxe6 7. O-O g6 8.
c4 Bg7 9. Nbd2 Nf6 10. Rb1 O-O 11. b3 Nc5 12. Qc2 Nfd7 13. Bb2 Bxb2 14. Qxb2 e5
15. Rbd1 Qc7 16. Qc2 a5 17. Nb1 Nb6 18. Nc3 Nc8 19. Nb5 Qe7 20. Rd5 b6 21. Rfd1
Nb7 22. Nxe5 dxe5 23. Rd7 Rd8 24. Rxe7 Rxd1+ 25. Qxd1 Nxe7 26. Kf1 Rd8 27. Qc2
1-0

[Event "Høstturnering 1996 (avdeling Ås)"]
[Site "Ås, Akershus NOR"]
[Date "1997.01.07"]
[Round "9"]
[White "Lea, Per"]
[Black "Øgaard, Henning"]
[Result "1-0"]
[WhiteElo "1706"]
[BlackElo "1407"]
[PlyCount "79"]
[EventDate "1996.09.24"]

1. e4 e5 2. Nf3 Nf6 3. Nxe5 d6 4. Nf3 Nxe4 5. d4 Be7 6. Bd3 Nf6 7. O-O O-O 8.
Bg5 h6 9. Bh4 Bg4 10. Nbd2 Nc6 11. c3 Nd5 12. Bg3 Bg5 13. Qb3 Nb6 14. Nxg5 Qxg5
15. f4 Qe7 16. Rae1 Qd7 17. f5 Rae8 18. h3 Bh5 19. Bf4 Rxe1 20. Rxe1 Re8 21.
Rxe8+ Qxe8 22. g4 Qe1+ 23. Kg2 Na5 24. Nf3 Qe8 25. Qc2 Nd5 26. Bc1 Bxg4 27.
hxg4 Nf6 28. Kg3 h5 29. g5 Nd5 30. Qe2 Qa4 31. Bc2 Qd7 32. Nh4 c5 33. Qxh5 cxd4
34. g6 fxg6 35. Nxg6 Qe8 36. Qh8+ Kf7 37. Qxe8+ Kxe8 38. cxd4 Nc6 39. Ba4 Kf7
40. Bb3 1-0

[Event "Østlandsserien 2023/2024, 2. div. B"]
[Site "Fredrikstad, Viken NOR"]
[Date "2023.10.29"]
[Round "1"]
[White "Aamodt, Peder Marcus"]
[Black "Dogani, Avduraim"]
[Result "1-0"]
[WhiteElo "2047"]
[BlackElo "2073"]
[PlyCount "27"]
[EventDate "2023.10.29"]
[WhiteTeam "Follo 1"]
[BlackTeam "Fredrikstad 1"]

1. e4 c5 2. Nf3 Nc6 3. Bb5 g6 4. O-O Bg7 5. c3 d6 6. d4 Bd7 7. Re1 cxd4 8. cxd4 Qb6 9. Nc3 Nf6 10. h3 Na5 11. e5 dxe5 12. dxe5 O-O-O 13. exf6 Bxb5 14. fxg7 1-0

[Event "Østlandsserien 2023/2024, 2. div. B"]
[Site "Fredrikstad, Viken NOR"]
[Date "2023.10.29"]
[Round "1"]
[White "Blauhut, Holger"]
[Black "Lange, David"]
[Result "1/2-1/2"]
[WhiteElo "2019"]
[BlackElo "1989"]
[Annotator "Lange,Holger"]
[PlyCount "89"]
[WhiteTeam "Fredrikstad 1"]
[BlackTeam "Follo 1"]

1. e4 c5 2. Nf3 d6 3. Bb5+ Bd7 4. Bxd7+ Qxd7 5. c4 Nf6 6. Nc3 Nc6 7. d4 cxd4 8.
Nxd4 Qg4 9. O-O Qxd1 10. Rxd1 g6 11. f3 Nxd4 12. Rxd4 Bg7 13. Rd3 Rc8 14. b3
Nd7 15. Bb2 O-O 16. Rb1 Ne5 17. Rdd1 Nc6 18. Nd5 Bxb2 19. Rxb2 Rfd8 20. Kf2 Kf8
21. Rbd2 f6 22. g4 Kf7 23. Ke3 Ne5 24. Rg2 Nc6 25. g5 fxg5 26. Rxg5 Ne5 27. h4
Nd7 28. h5 Nf6 29. hxg6+ hxg6 30. Nf4 {Så langt forlot partiet ikke
remisbredden uten særlig stor dramatikk} Rh8 $2 {her er det bedre å beskytte
bonde g6 med Tg8} 31. Rdg1 (31. e5 $1 {er enda mer energisk med farlig angrep:}
dxe5 32. Nxg6 Rhg8 33. Nxe5+ Ke6 34. Rdg1 $14) 31... Rh2 32. Rxg6 Rxa2 $2 33.
Rg7+ Ke8 34. Ng6 Rc7 {vunnet stilling for hvit:} 35. e5 $6 (35. Rh1 $1 {
truer matt} Kd7 36. Rxe7+ Kc6 37. e5 dxe5 38. Re6+ $18) 35... dxe5 36. Nxe5 $2
{kaster bort fordelen} ({igjen} 36. Rh1 $1 {vinner:} Kd8 37. Rh8+ Kd7 38. Rxe7+
Kd6 39. Rd8+ Nd7 40. c5+ Kxc5 41. Rdxd7 $18) 36... Kf8 37. Rf7+ Ke8 38. Rgg7
Ra6 39. Kd4 Rd6+ 40. Kc3 Re6 41. f4 b5 42. Kb4 bxc4 43. bxc4 Rb6+ 44. Kc3 Re6
45. Kd4 1/2-1/2

[Event "Østlandsserien 2023/2024, 2. div. B"]
[Site "Fredrikstad, Viken NOR"]
[Date "2023.10.29"]
[Round "1"]
[White "Lange, Holger"]
[Black "Mirza, Raad"]
[Result "1-0"]
[WhiteElo "1743"]
[BlackElo "1843"]
[Annotator "Lange, Holger"]
[PlyCount "133"]
[EventDate "2023.10.29"]
[WhiteTeam "Follo 1"]
[BlackTeam "Fredrikstad 1"]

1. e4 e5 2. Nf3 Nf6 3. d4 Nxe4 4. Bd3 d5 5. Nxe5 Bd6 6. O-O O-O 7. c4 c6 8. Nc3
f5 9. cxd5 Nxc3 10. bxc3 Bxe5 11. dxe5 Qxd5 12. Qe2 Be6 13. Ba3 Re8 14. Rfd1
Qa5 15. Bb4 Qc7 16. f4 $6 {mer aktivt spill får hvit med} (16. Bd6) 16... c5
$1 17. Ba3 Qa5 18. Bb2 (18. Bc4 $1 {er datamaskinens anbefaling, et trekk jeg
ikke vurderte nærmere - man gir jo bort offiser? Men:} Qxa3 $4 19. Bxe6+ Rxe6
$4 20. Rd8+ Kf7 21. Qh5+ Rg6 22. Qxf5+ {med matt i få trekk. For komplisert
for meg.}) 18... c4 19. Bb1 $2 {alt for passivt.} (19. Bxc4 $1 Qc5+ 20. Rd4 Nc6
21. Bb5 Nxd4 22. cxd4 Qb6 23. Bxe8 $14) 19... Nc6 20. Kh1 Rad8 21. Bc2 Ne7 22.
a4 Qb6 23. Ba3 Nd5 24. Qf3 Qa5 $2 (24... Qe3 $15) 25. Bb2 a6 26. Rdb1 Rd7 27.
h3 Qc5 28. Bc1 Red8 29. a5 g6 (29... Nxc3 $1 30. Qxc3 Rd1+ 31. Bxd1 Rxd1+ 32.
Kh2 Qg1+ 33. Kg3 Rd3+ {og svart vinner}) 30. Ba4 Rf7 31. Bc2 Kg7 32. Kh2 h6 33.
h4 Qe7 34. Qg3 Rg8 35. Ba3 Qd7 36. Bd6 Kh7 37. Rh1 Nf6 38. Rhd1 Ng4+ 39. Kg1
Qc6 40. Rab1 Kh8 41. Rb6 $18 Qe8 42. Rdb1 Bd5 43. Bd1 h5 44. Bf3 Be4 45. R1b4
Qe6 46. Be2 Bd5 47. Bc5 Qc8 48. Bd4 Kh7 49. Bf3 Qd8 50. Rd6 $6 {risikabelt.
Enklere er} (50. Bxd5 Qxd5 51. Qf3 Qxa5 52. e6 $18) 50... Qxa5 51. Bxg4 ({ikke
} 51. Bxd5 $4 {med matt i tre trekk!}) 51... hxg4 52. Kh2 Be4 53. Rxc4 Qa2 54.
Rb4 $11 b5 55. Be3 Qe2 $2 56. Qf2 {tvunget damebytte hjelper kun hvit} Qxf2 57.
Bxf2 Ra8 58. e6 Re7 59. Bc5 Rc8 $2 ({mer motstand blir det etter} 59... Ree8
60. Bb6 Kg7) 60. Rd7 Rg7 61. e7 Bc6 62. Rd8 Rg8 63. Rbd4 Rc7 64. Rxg8 Kxg8 65.
Rd8+ Kf7 66. Rf8+ Kg7 67. Bd4+ 1-0